| 000 | 00423cam a2200169ua 4500 | ||
|---|---|---|---|
| 020 | _c1.25 | ||
| 041 |
_amal _h |
||
| 082 |
_a894.812308 _bTUR/AD |
||
| 100 | _aTurgenev, . | ||
| 245 |
_aFirst love / _cTurgenev. _hTextual Documents |
||
| 260 |
_aKottayam : _bPrabhatham printing and publishing co. pvt. ltd. , _c1957. |
||
| 300 | _a148 ; . | ||
| 365 | _a1.25 | ||
| 504 | _a | ||
| 942 | _cBK | ||
| 999 |
_c4646 _d4646 |
||